000 01496nam0a2200349 4500
001 RU\NLR\bibl\1379855
005 20250615193053.0
010 _a978-5-7578-0181-0
_93000
021 _aRU
_b2009-28327
_91698
035 _a(nilc)EL/0000271921
035 _aRUM0056313
035 _a(NLR Aleph) 001371948
090 _a1047313
_c1047313
100 _a20090417d2009 |||y0rusy50 ca
101 0 _arus
102 _aRU
105 _ay |||||||||
200 1 _aГладиолусы
_e[практическое пособие по выбору сортов, выращиванию, размножению, защите от болезней и вредителей]
_fО.И. Свитковская
210 _aМосква
_cиздательский Дом МСП
_d2009
215 _a59, [3] с.
_cил.
_d20
320 _aБиблиогр. в конце текста (4 назв.)
606 1 _aГладиолусы
_jПрактические пособия
_xКультура на приусадебных участках
_92312068
_3RU\NLR\auth\661383687
686 _a75.35.35.25
_2rugasnti
686 _a68.35.57.47.99
_2rugasnti
686 _aП274.9гладиолусы-4я8
700 1 _aСвитковская
_bО. И.
_gОльга Ивановна
_4070
801 0 _aRU
_bЦНСХБ РАСХН
_c20090417
_gRCR
801 1 _aRU
_bЦНСХБ РАСХН
_c20090417
801 2 _aRU
_bЦНСХБ РАСХН
_c20090602
_2rusmarc
801 2 _aRU
_bNLR
_c20090610
_grcr
942 _cBOOK
980 _aNB